[Event "CZE-chT2E 1819"]
[Site "Czech Republic"]
[Date "2019.01.13"]
[Round "6.5"]
[White "Klenner, Richard"]
[Black "Knotek, Josef"]
[Result "0-1"]
[WhiteElo "1976"]
[BlackElo "1938"]
[PlyCount "72"]
[EventDate "2018.10.14"]
[EventType "team-tourn"]
[EventRounds "11"]
[EventCountry "CZE"]
[SourceTitle "EXT 2022"]
[Source "ChessBase"]
[SourceDate "2021.10.06"]
[SourceVersion "1"]
[SourceVersionDate "2021.10.06"]
[SourceQuality "1"]
[WhiteTeam "Veseli nad Moravou"]
[BlackTeam "Kunovice"]
[WhiteTeamCountry "CZE"]
[BlackTeamCountry "CZE"]

1. e4 c5 2. Nf3 e6 3. d4 cxd4 4. Nxd4 Nc6 5. g3 Bc5 6. Nb3 Be7 7. Bg2 d6 8. 0-0 Nf6 9. Nc3 0-0 10. f4 e5 11. f5 b5 12. a3 b4 13. Nd5 Nxd5 14. Qxd5 Bb7 15. axb4 Qb6+ 16. Rf2 Nxb4 17. Qa5 Bd8 18. Kh1 Qxf2 19. Qxb4 Qxc2 20. Be3 Bb6 21. Bd2 Qc7 22. f6 a5 23. Qa3 Rfc8 24. Rc1 Qd8 25. Rf1 Rc4 26. Nc1 gxf6 27. Qf3 Kh8 28. Qf5 Qe7 29. Bh6 Rg8 30. Ne2 Rg6 31. Bc1 Bc8 32. Qf3 Bg4 33. Qd3 Bxe2 34. Qxe2 Qc7 35. Bd2 Rc2 36. Bh3 Qc4 0-1

[Event "CZE-chT2E 1819"]
[Site "Czech Republic"]
[Date "2018.12.16"]
[Round "5.3"]
[White "Belunek, Vladimir"]
[Black "Klenner, Richard"]
[Result "1-0"]
[WhiteElo "2206"]
[BlackElo "1976"]
[PlyCount "113"]
[EventDate "2018.10.14"]
[EventType "team-tourn"]
[EventRounds "11"]
[EventCountry "CZE"]
[SourceTitle "EXT 2022"]
[Source "ChessBase"]
[SourceDate "2021.10.06"]
[SourceVersion "1"]
[SourceVersionDate "2021.10.06"]
[SourceQuality "1"]
[WhiteTeam "Vsetin"]
[BlackTeam "Veseli nad Moravou"]
[WhiteTeamCountry "CZE"]
[BlackTeamCountry "CZE"]

1. d4 Nf6 2. c4 e6 3. Nc3 Bb4 4. e3 0-0 5. Nge2 d5 6. a3 Be7 7. Nf4 c6 8. b3 dxc4 9. bxc4 e5 10. dxe5 Qa5 11. Qc2 Qxe5 12. Bd3 Nbd7 13. Bb2 Qg5 14. Ne4 Nxe4 15. Bxe4 h6 16. h4 Qa5+ 17. Bc3 Qd8 18. Nh5 Nf6 19. Rd1 Qc7 20. Nxf6+ Bxf6 21. Bxf6 gxf6 22. 0-0 Be6 23. Rd4 c5 24. Rd3 Rad8 25. Rfd1 Rxd3 26. Qxd3 b6 27. Bd5 Rd8 28. e4 Qe5 29. Qe3 Qh5 30. Qg3+ Kh7 31. f3 Rg8 32. Qf4 Qe5 33. Qxe5 fxe5 34. Bxe6 fxe6 35. Rd6 Rc8 36. a4 Rc7 37. Rxe6 Rd7 38. Rxe5 Rd1+ 39. Kf2 a5 40. Re7+ Kg8 41. Rb7 Rb1 42. Ke3 Rb4 43. Kd3 Rxa4 44. Rxb6 Rb4 45. Rxh6 Rb3+ 46. Kc2 a4 47. Ra6 Rb4 48. Ra5 Rxc4+ 49. Kd3 Rd4+ 50. Kc3 Rd1 51. Rxa4 Rc1+ 52. Kd3 Rg1 53. Rc4 Rxg2 54. Rxc5 Rh2 55. h5 Rh3 56. Ke3 Rh4 57. Rf5 1-0

[Event "CZE-chT2E 1213"]
[Site "Czech Republic"]
[Date "2013.03.24"]
[Round "11.6"]
[White "Mlynek, Petr"]
[Black "Klenner, Richard"]
[Result "1/2-1/2"]
[WhiteElo "2155"]
[BlackElo "2026"]
[PlyCount "102"]
[EventDate "2012.10.14"]
[EventType "team-tourn"]
[EventRounds "11"]
[EventCountry "CZE"]
[SourceTitle "EXT 2016"]
[Source "ChessBase"]
[SourceDate "2015.10.08"]
[SourceVersion "1"]
[SourceVersionDate "2015.10.08"]
[SourceQuality "1"]
[WhiteTeam "Brno Duras II"]
[BlackTeam "Veseli nad Moravou"]
[WhiteTeamCountry "CZE"]
[BlackTeamCountry "CZE"]

1. d4 Nf6 2. c4 e6 3. g3 d5 4. Nf3 c6 5. Qc2 Nbd7 6. Bg2 Bb4+ 7. Bd2 Bxd2+ 8. Nbxd2 0-0 9. 0-0 b6 10. e4 dxe4 11. Nxe4 Nxe4 12. Qxe4 Bb7 13. Ne5 Nf6 14. Qe3 Qc7 15. Rfd1 Rad8 16. b3 Rfe8 17. Rd2 Ba8 18. Rad1 h6 19. f4 a6 20. g4 c5 21. Bxa8 Rxa8 22. g5 hxg5 23. fxg5 Nh7 24. dxc5 Qxc5 25. Qxc5 bxc5 26. h4 f6 27. gxf6 Nxf6 28. Nd7 Ne4 29. Rd3 Rac8 30. Kg2 Rc7 31. Kf3 Nf6 32. Kf4 e5+ 33. Kf5 Nxd7 34. Rxd7 Rf8+ 35. Kg5 Rxd7 36. Rxd7 Rf2 37. Rd5 Rxa2 38. Rxc5 Rb2 39. Kg6 Rg2+ 40. Kf5 Rb2 41. Kxe5 Rxb3 42. Ra5 Rh3 43. c5 Rxh4 44. c6 Rh5+ 45. Kd6 Rxa5 46. c7 Rf5 47. c8Q+ Rf8 48. Qc4+ Kh7 49. Ke7 Rf6 50. Qh4+ Rh6 51. Qg5 Kg8 1/2-1/2

[Event "CZE-chT2E 1112"]
[Site "Czech Republic"]
[Date "2012.03.25"]
[Round "10.4"]
[White "Vavruska, Antonin"]
[Black "Klenner, Richard"]
[Result "1/2-1/2"]
[WhiteElo "2137"]
[BlackElo "2030"]
[PlyCount "24"]
[EventDate "2011.10.09"]
[EventType "team-tourn"]
[EventRounds "11"]
[EventCountry "CZE"]
[SourceTitle "EXT 2013"]
[Source "ChessBase"]
[SourceDate "2012.11.22"]
[SourceVersion "1"]
[SourceVersionDate "2012.11.22"]
[SourceQuality "1"]
[WhiteTeam "Stare Mesto II"]
[BlackTeam "Veseli nad Moravou"]
[WhiteTeamCountry "CZE"]
[BlackTeamCountry "CZE"]

1. e4 d6 2. d4 Nf6 3. Nc3 c6 4. f4 Qa5 5. Bd3 e5 6. fxe5 dxe5 7. dxe5 Ng4 8. Be2 Nxe5 9. Nf3 Nbd7 10. Nd4 Nf6 11. Nb3 Qb6 12. h3 Bb4 1/2-1/2

[Event "CZE-chT2E 1112"]
[Site "Czech Republic"]
[Date "2012.02.05"]
[Round "7.6"]
[White "Klenner, Richard"]
[Black "Slovak, Pavel"]
[Result "0-1"]
[WhiteElo "2030"]
[BlackElo "2039"]
[PlyCount "92"]
[EventDate "2011.10.09"]
[EventType "team-tourn"]
[EventRounds "11"]
[EventCountry "CZE"]
[SourceTitle "EXT 2013"]
[Source "ChessBase"]
[SourceDate "2012.11.22"]
[SourceVersion "1"]
[SourceVersionDate "2012.11.22"]
[SourceQuality "1"]
[WhiteTeam "Veseli nad Moravou"]
[BlackTeam "Zlin III"]
[WhiteTeamCountry "CZE"]
[BlackTeamCountry "CZE"]

1. e4 c5 2. Nf3 e6 3. d4 cxd4 4. Nxd4 a6 5. Nc3 Qc7 6. Bd3 Nf6 7. 0-0 Bc5 8. Nb3 Ba7 9. Bg5 h5 10. Qd2 Nc6 11. Kh1 Bb8 12. f4 Nh7 13. g3 Nxg5 14. fxg5 b5 15. Qf4 Ne5 16. h4 Bb7 17. a3 Ba7 18. Rad1 Bc6 19. Nd2 0-0-0 20. Nf3 Ng4 21. Qxc7+ Kxc7 22. Rd2 f6 23. Be2 Be3 24. Rdd1 Nf2+ 25. Kg2 Nxd1 26. Rxd1 Rhf8 27. Rd3 Bb6 28. gxf6 gxf6 29. Nd4 Bb7 30. Bf3 f5 31. exf5 Bxd4 32. Rxd4 Bxf3+ 33. Kxf3 Rxf5+ 34. Kg2 Rdf8 35. Rd2 d5 36. Nd1 Rf3 37. Re2 Kd6 38. Nf2 e5 39. Nd3 e4 40. Nf4 Rg8 41. Nxh5 Rf5 42. g4 Rxh5 43. Kg3 Re5 44. g5 e3 45. Kg4 Re4+ 46. Kg3 Rh8 0-1

[Event "CZE-chT2E 1112"]
[Site "Czech Republic"]
[Date "2012.01.08"]
[Round "5.6"]
[White "Klenner, Richard"]
[Black "Havranek, Michal"]
[Result "1-0"]
[WhiteElo "2030"]
[BlackElo "2028"]
[PlyCount "99"]
[EventDate "2011.10.09"]
[EventType "team-tourn"]
[EventRounds "11"]
[EventCountry "CZE"]
[SourceTitle "EXT 2013"]
[Source "ChessBase"]
[SourceDate "2012.11.22"]
[SourceVersion "1"]
[SourceVersionDate "2012.11.22"]
[SourceQuality "1"]
[WhiteTeam "Veseli nad Moravou"]
[BlackTeam "Borsice"]
[WhiteTeamCountry "CZE"]
[BlackTeamCountry "CZE"]

1. e4 c6 2. d4 d6 3. Nc3 Qc7 4. Be2 e5 5. f4 Nd7 6. Nf3 exd4 7. Nxd4 Ngf6 8. Be3 Nb6 9. h3 Be7 10. Nf3 0-0 11. 0-0 Re8 12. Nd2 Bf8 13. Bd4 Qe7 14. Bf3 Be6 15. b3 Rad8 16. Ne2 d5 17. Bxf6 Qxf6 18. e5 Qh6 19. Kh2 f6 20. exf6 Qxf6 21. c3 Bc5 22. g3 Bf5 23. b4 Be3 24. Nb3 Nc4 25. Nbd4 Bxh3 26. Kxh3 Qh6+ 27. Kg2 Bxd4 28. Qxd4 Ne3+ 29. Kg1 Qh3 30. Rf2 Nc2 31. Qd1 Nxa1 32. Qxa1 Re3 33. Qf1 Qf5 34. Nd4 Qf6 35. Qc1 Rde8 36. Re2 Rxe2 37. Nxe2 Qf5 38. Qd2 Qb1+ 39. Kf2 h6 40. Nc1 Qf5 41. Nd3 g5 42. a4 b6 43. Ne5 gxf4 44. gxf4 Rd8 45. Nxc6 Rd7 46. Ne5 Rd6 47. Bxd5+ Kf8 48. c4 Rf6 49. Bf3 Qxf4 50. Ng6+ 1-0

[Event "CZE-chT2E 1112"]
[Site "Czech Republic"]
[Date "2011.11.20"]
[Round "3.6"]
[White "Klenner, Richard"]
[Black "Pise, Jan"]
[Result "1-0"]
[WhiteElo "2030"]
[BlackElo "2051"]
[PlyCount "71"]
[EventDate "2011.10.09"]
[EventType "team-tourn"]
[EventRounds "11"]
[EventCountry "CZE"]
[SourceTitle "EXT 2013"]
[Source "ChessBase"]
[SourceDate "2012.11.22"]
[SourceVersion "1"]
[SourceVersionDate "2012.11.22"]
[SourceQuality "1"]
[WhiteTeam "Veseli nad Moravou"]
[BlackTeam "Adamov"]
[WhiteTeamCountry "CZE"]
[BlackTeamCountry "CZE"]

1. e4 c6 2. c4 d6 3. d4 Nf6 4. Nc3 Bg4 5. f3 Bh5 6. Be3 Nbd7 7. Qd2 e6 8. Bd3 Be7 9. Nge2 e5 10. b3 0-0 11. 0-0 Bg6 12. d5 Qc7 13. Rac1 h6 14. g4 a6 15. Ng3 Rfe8 16. h4 h5 17. g5 Nh7 18. Nf5 Bf8 19. Kh1 Qd8 20. Rg1 Qa5 21. Qe2 Rac8 22. Qf2 Qd8 23. Qg2 Qa5 24. Bd2 Qd8 25. Be2 Nc5 26. b4 Nd7 27. a4 Qb6 28. Rb1 Bxf5 29. exf5 Qd4 30. Be1 cxd5 31. Nxd5 e4 32. f4 Qa7 33. Bc3 g6 34. Bxh5 Rxc4 35. Nf6+ Ndxf6 36. gxf6 1-0

[Event "CZE-chT2E 1112"]
[Site "Czech Republic"]
[Date "2011.11.06"]
[Round "2.6"]
[White "Pakosta, Miroslav"]
[Black "Klenner, Richard"]
[Result "1-0"]
[WhiteElo "2161"]
[BlackElo "2030"]
[PlyCount "157"]
[EventDate "2011.10.09"]
[EventType "team-tourn"]
[EventRounds "11"]
[EventCountry "CZE"]
[SourceTitle "EXT 2013"]
[Source "ChessBase"]
[SourceDate "2012.11.22"]
[SourceVersion "1"]
[SourceVersionDate "2012.11.22"]
[SourceQuality "1"]
[WhiteTeam "Brno Lokomotiva II"]
[BlackTeam "Veseli nad Moravou"]
[WhiteTeamCountry "CZE"]
[BlackTeamCountry "CZE"]

1. e4 d6 2. d4 Nf6 3. Nc3 c6 4. Nf3 Bg4 5. Be2 e6 6. 0-0 Be7 7. Bf4 0-0 8. Re1 d5 9. h3 Bh5 10. exd5 exd5 11. Nh2 Bg6 12. Bd3 Bd6 13. Be5 Qc7 14. f4 Bxd3 15. Qxd3 Nfd7 16. Ng4 f6 17. Bxd6 Qxd6 18. f5 Rf7 19. Re8+ Rf8 20. Re6 Qf4 21. Rf1 Qg5 22. Re7 Nb6 23. Qe2 N8d7 24. Qe6+ Kh8 25. Rxd7 Nxd7 26. Qxd7 h5 27. Nh2 Qe3+ 28. Kh1 Qxd4 29. Qxb7 Rac8 30. Nf3 Qf4 31. Ne2 Qxf5 32. Ned4 Qh7 33. Ne6 Rfe8 34. Qf7 Qg8 35. Qxh5+ Qh7 36. Qxh7+ Kxh7 37. Nc5 Re2 38. Rc1 Rce8 39. Kg1 g5 40. Kf1 R2e7 41. Nd4 Kg6 42. b4 Rc8 43. Re1 Rxe1+ 44. Kxe1 f5 45. Kf2 f4 46. Kf3 Kh5 47. Nf5 Rb8 48. a3 Rf8 49. Nd4 Re8 50. Nd3 Rc8 51. Nf5 a5 52. Nd4 axb4 53. axb4 Rc7 54. Ke2 Rc8 55. Kd2 Kh4 56. Nf5+ Kh5 57. Kc3 g4 58. Nxf4+ Kg5 59. Nd6 Ra8 60. Ne6+ Kf6 61. Nd4 Ra3+ 62. Kb2 gxh3 63. gxh3 Rxh3 64. Nxc6 Ke6 65. Nb5 Kd7 66. Nbd4 Kc7 67. c3 Rh2+ 68. Kb3 Rh3 69. Ne7 Kd6 70. Nc8+ Kc7 71. Na7 Kb6 72. Nab5 Rh1 73. Nd6 Rh2 74. N6f5 Rh5 75. Kc2 Rh2+ 76. Kd3 Rh3+ 77. Ne3 Kc7 78. Ndf5 Kd7 79. Kd4 1-0

[Event "CZE-chT2E 1011"]
[Site "Czech Republic"]
[Date "2011.04.10"]
[Round "11.4"]
[White "Zatloukal, Petr"]
[Black "Klenner, Richard"]
[Result "1-0"]
[WhiteElo "2110"]
[BlackElo "2030"]
[PlyCount "80"]
[EventDate "2010.10.17"]
[EventType "team-tourn"]
[EventRounds "11"]
[EventCountry "CZE"]
[SourceTitle "EXT 2012"]
[Source "ChessBase"]
[SourceDate "2011.11.24"]
[SourceVersion "1"]
[SourceVersionDate "2011.11.24"]
[SourceQuality "1"]
[WhiteTeam "Prostejov"]
[BlackTeam "Veseli nad Moravou"]
[WhiteTeamCountry "CZE"]
[BlackTeamCountry "CZE"]

1. e4 Nf6 2. Nc3 d6 3. d4 c6 4. Be3 Qa5 5. Qd2 e5 6. Nf3 Bg4 7. Be2 Nbd7 8. 0-0 Be7 9. a4 0-0 10. dxe5 dxe5 11. Nd5 Qd8 12. Nxe7+ Qxe7 13. Bd3 Rfd8 14. Qc3 h6 15. Nd2 Bh5 16. f3 Bg6 17. Nb3 Ne8 18. a5 Qe6 19. Rfd1 b6 20. Bc4 Qe7 21. Ba6 c5 22. Bb7 Rab8 23. Bc6 Nf8 24. axb6 axb6 25. Nd2 f6 26. Nc4 Bf7 27. Rxd8 Qxd8 28. Ra7 Ne6 29. Rd7 Qc8 30. Bb5 N8c7 31. Qb3 Nxb5 32. Qxb5 Nc7 33. Qc6 Bxc4 34. Rxc7 Qd8 35. Rd7 Qc8 36. Qd6 Qf8 37. Qc7 Be6 38. Rxg7+ Qxg7 39. Qxb8+ Kh7 40. Qxb6 c4 1-0

[Event "CZE-chT2E 1011"]
[Site "Czech Republic"]
[Date "2011.03.06"]
[Round "9.4"]
[White "Volcik, Ludek"]
[Black "Klenner, Richard"]
[Result "1-0"]
[WhiteElo "1992"]
[BlackElo "2030"]
[PlyCount "123"]
[EventDate "2010.10.17"]
[EventType "team-tourn"]
[EventRounds "11"]
[EventCountry "CZE"]
[SourceTitle "EXT 2012"]
[Source "ChessBase"]
[SourceDate "2011.11.24"]
[SourceVersion "1"]
[SourceVersionDate "2011.11.24"]
[SourceQuality "1"]
[WhiteTeam "Borsice"]
[BlackTeam "Veseli nad Moravou"]
[WhiteTeamCountry "CZE"]
[BlackTeamCountry "CZE"]

1. e4 Nf6 2. e5 Nd5 3. d4 d6 4. exd6 cxd6 5. Nf3 Bg4 6. Be2 e6 7. 0-0 Be7 8. h3 Bh5 9. b3 0-0 10. c4 Nb6 11. Bb2 Bf6 12. Nc3 d5 13. Ba3 Re8 14. Nb5 Nc8 15. Ne5 Bxe2 16. Qxe2 a6 17. Nc3 dxc4 18. Nxc4 b5 19. Qe4 Ra7 20. Ne5 Rc7 21. Rac1 Nd6 22. Bxd6 Qxd6 23. Qe3 Qb6 24. f4 Rec8 25. Ne2 Rxc1 26. Rxc1 Rd8 27. Kh2 h6 28. Rc5 Nd7 29. Rc6 Qb7 30. Qc3 Bxe5 31. fxe5 Nb6 32. Ng3 Nd5 33. Qc5 Nf4 34. Ne4 Rd5 35. Qc2 Ng6 36. Nd6 Qa7 37. Rc8+ Kh7 38. Rc5 Rxd4 39. Rc7 Rd2 40. Qxg6+ Kxg6 41. Rxa7 f6 42. Ne8 fxe5 43. Nxg7 Kf6 44. Ne8+ Kf5 45. Rxa6 h5 46. Ng7+ Ke4 47. Nxe6 h4 48. Ng5+ Ke3 49. Nf3 Rd5 50. Re6 e4 51. Nxh4 Kd3 52. Kg3 Rh5 53. Kg4 Rh8 54. Ng6 Ra8 55. a4 bxa4 56. bxa4 Rxa4 57. Kf4 Ra2 58. Rd6+ Kc3 59. g4 Rh2 60. h4 Rg2 61. g5 Re2 62. h5 1-0

[Event "CZE-chT2E 1011"]
[Site "Czech Republic"]
[Date "2010.11.21"]
[Round "3.4"]
[White "Markovic, Ivan1111"]
[Black "Klenner, Richard"]
[Result "1-0"]
[WhiteElo "2142"]
[BlackElo "2030"]
[PlyCount "65"]
[EventDate "2010.10.17"]
[EventType "team-tourn"]
[EventRounds "11"]
[EventCountry "CZE"]
[SourceTitle "EXT 2012"]
[Source "ChessBase"]
[SourceDate "2011.11.24"]
[SourceVersion "1"]
[SourceVersionDate "2011.11.24"]
[SourceQuality "1"]
[WhiteTeam "Hustopece"]
[BlackTeam "Veseli nad Moravou"]
[WhiteTeamCountry "CZE"]
[BlackTeamCountry "CZE"]

1. e4 e6 2. Nf3 d5 3. e5 d4 4. d3 c5 5. g3 Ne7 6. Bg2 Nec6 7. 0-0 Be7 8. Nbd2 h5 9. h4 Nd7 10. Re1 Qc7 11. Qe2 Rb8 12. a4 b6 13. Nc4 Ba6 14. Nd6+ Kf8 15. Bf4 Bxd6 16. exd6 Qd8 17. Ng5 Bb7 18. Nxf7 Kxf7 19. Qxe6+ Kf8 20. Bd5 Nce5 21. Bxe5 Bxd5 22. Qxd5 Rh6 23. Bxg7+ Kxg7 24. Re7+ Kh8 25. Qf7 Qg8 26. Rxd7 Qxf7 27. Rxf7 Rxd6 28. Re1 a6 29. Ree7 Rh6 30. Rf5 Kg8 31. Ree5 b5 32. axb5 Rxb5 33. b3 1-0

[Event "CZE-chT2e 0506"]
[Site "Czech Republic"]
[Date "2006.02.26"]
[Round "8.2"]
[White "Stanec, Stanislav"]
[Black "Klenner, Richard"]
[Result "1-0"]
[WhiteElo "2207"]
[BlackElo "2045"]
[PlyCount "117"]
[EventDate "2005.10.16"]
[EventType "team"]
[EventRounds "11"]
[EventCountry "CZE"]
[SourceTitle "EXT 2008"]
[Source "ChessBase"]
[SourceDate "2007.11.25"]
[SourceVersion "1"]
[SourceVersionDate "2007.11.25"]
[SourceQuality "1"]

1. e4 e6 2. d4 d5 3. exd5 exd5 4. Bd3 Nc6 5. c3 Bd6 6. Qc2 Nge7 7. Bg5 Bg4 8. Nd2 Qd7 9. h3 Bf5 10. Ne2 Bxd3 11. Qxd3 Qf5 12. Qxf5 Nxf5 13. g4 Nfe7 14. Bf4 0-0-0 15. 0-0-0 Ng6 16. Be3 Rhe8 17. Nf3 f6 18. Kd2 Re4 19. Ng3 Bxg3 20. fxg3 Rde8 21. Rde1 a5 22. Bf2 a4 23. Rxe4 Rxe4 24. Kd3 b5 25. b3 axb3 26. axb3 Re6 27. Ra1 Kb7 28. Be3 Nge7 29. Nd2 f5 30. g5 Nc8 31. Bf4 Nd6 32. Bxd6 cxd6 33. Rf1 g6 34. Ra1 Nd8 35. Nf3 Re4 36. Nd2 Re8 37. c4 bxc4+ 38. bxc4 dxc4+ 39. Nxc4 Nf7 40. Rb1+ Kc7 41. h4 h6 42. Rc1 Kd7 43. Nb6+ Ke7 44. Rc7+ Kf8 45. gxh6 Nxh6 46. Nd7+ Ke7 47. Ne5+ Kf6 48. Nf3 Nf7 49. Rb7 Re4 50. Rxf7+ Kxf7 51. Ng5+ Kf6 52. Nxe4+ fxe4+ 53. Kxe4 Ke6 54. d5+ Kf6 55. Kf4 Kf7 56. Kg5 Kg7 57. g4 Kf7 58. h5 gxh5 59. gxh5 1-0

[Event "CZE-chT2e 0506"]
[Site "Czech Republic"]
[Date "2005.11.20"]
[Round "3.3"]
[White "Klenner, Richard"]
[Black "Zapletal, Jiri"]
[Result "1/2-1/2"]
[WhiteElo "2045"]
[BlackElo "2158"]
[PlyCount "30"]
[EventDate "2005.10.16"]
[EventType "team"]
[EventRounds "11"]
[EventCountry "CZE"]
[SourceTitle "EXT 2008"]
[Source "ChessBase"]
[SourceDate "2007.11.25"]
[SourceVersion "1"]
[SourceVersionDate "2007.11.25"]
[SourceQuality "1"]

1. e4 d6 2. d4 Nf6 3. Nc3 e5 4. Nf3 Nbd7 5. Bc4 Be7 6. 0-0 0-0 7. Re1 c6 8. a4 b6 9. Rb1 Bb7 10. Ba2 a6 11. h3 b5 12. b4 Qc7 13. axb5 axb5 14. Bb3 Rab8 15. Re3 Ba8 1/2-1/2

[Event "CZE-chT2e 0506"]
[Site "Czech Republic"]
[Date "2005.10.16"]
[Round "1.3"]
[White "Klenner, Richard"]
[Black "Juricek, Stanislav"]
[Result "1-0"]
[WhiteElo "2045"]
[BlackElo "2217"]
[PlyCount "67"]
[EventDate "2005.10.16"]
[EventType "team"]
[EventRounds "11"]
[EventCountry "CZE"]
[SourceTitle "EXT 2008"]
[Source "ChessBase"]
[SourceDate "2007.11.25"]
[SourceVersion "1"]
[SourceVersionDate "2007.11.25"]
[SourceQuality "1"]

1. e4 c5 2. Nf3 d6 3. d4 cxd4 4. Nxd4 Nf6 5. Nc3 a6 6. Be3 e5 7. Nb3 Be6 8. Qd2 Nbd7 9. f3 Be7 10. 0-0-0 Qc7 11. Kb1 0-0 12. g4 Rfc8 13. h4 b5 14. Rh2 Nb6 15. Bxb6 Qxb6 16. Bh3 b4 17. Nd5 Nxd5 18. exd5 Bd7 19. g5 Bxh3 20. Rxh3 Rc4 21. Rh2 Rac8 22. Qd3 a5 23. Rc1 Qc7 24. Nd2 Rd4 25. Qf5 Rxd5 26. h5 Rf8 27. g6 Qc8 28. Qe4 Rd4 29. Qe3 Qf5 30. h6 fxg6 31. hxg7 Rf7 32. Ne4 d5 33. Rxh7 dxe4 34. Qh6 1-0

[Event "CZE-chT2d 0405"]
[Site "Czech Republic"]
[Date "2005.??.??"]
[Round "4"]
[White "Klenner, Richard"]
[Black "Krejci, Petr"]
[Result "1-0"]
[WhiteElo "2185"]
[BlackElo "1965"]
[PlyCount "81"]
[EventDate "2004.10.??"]
[EventType "team"]
[EventRounds "11"]
[EventCountry "CZE"]
[SourceTitle "EXT 2007"]
[Source "ChessBase"]
[SourceDate "2006.11.23"]
[SourceVersion "1"]
[SourceVersionDate "2006.11.23"]
[SourceQuality "1"]

1. e4 d6 2. d4 Nf6 3. Nc3 g6 4. Be2 Bg7 5. h4 c5 6. d5 h5 7. Bg5 a6 8. a4 Nbd7 9. Nf3 Ng4 10. Nd2 Nde5 11. f3 Nf6 12. 0-0 Nh7 13. Be3 Bd7 14. Nc4 Rb8 15. a5 Nxc4 16. Bxc4 Bf6 17. g3 g5 18. hxg5 Nxg5 19. Bxg5 Bxg5 20. Qe1 Bf6 21. Kg2 h4 22. g4 h3+ 23. Kh2 Qc8 24. Be2 Bg5 25. f4 Bh4 26. Qd1 Bf6 27. Ra2 Kd8 28. Rg1 Bd4 29. Rg3 Kc7 30. Na4 Qf8 31. Nb6 Qh6 32. Nxd7 Kxd7 33. g5 Qh4 34. Bg4+ Kc7 35. Qe2 Qh7 36. c3 Bg7 37. b4 e6 38. bxc5 exd5 39. cxd6+ Kxd6 40. e5+ Ke7 41. f5 1-0